000 00673nam a2200145Ia 4500
008 100204s9999 xx 000 0 und d
082 _b17697
100 _aदेशमुख श्री. द.
245 _aआद्य शंकराचार्य विरचित - स्तोत्रावली - 2
260 _b"प्रसाद प्रकाशन , पुणे"
_c1994
300 _a320
630 _aआद्य शंकराचार्य विरचित - स्तोत्रावली - 2
730 _aआद्य शंकराचार्य विरचित - स्तोत्रावली - 2
942 _cBOOK
999 _c462120
_d462117